Information dashboard design : the effective visual communication of data

Αποθηκεύτηκε σε:
Λεπτομέρειες βιβλιογραφικής εγγραφής
Κύριος συγγραφέας: Few, Stephen
Μορφή: Βιβλίο
Γλώσσα:English
Δημοσίευση: Beijing : O'Reilly, c2006
Θέματα:
Ετικέτες: Προσθήκη ετικέτας
Δεν υπάρχουν, Καταχωρήστε ετικέτα πρώτοι!

MARC

LEADER 00000cam a2200000 i 4500
001 1/2004
008 091014s2006 eng d
020 |a 0-596-10016-7 
020 |a 978-0-596-10016-2 
035 |l 10105818 
040 |a GR-MY-UA  |b gre  |e aacr 
041 0 |a eng 
082 0 |a 658.4038011  |2 (22) 
100 1 |a Few, Stephen. 
245 1 0 |a Information dashboard design :  |b the effective visual communication of data /  |c Stephen Few 
260 |a Beijing :   |b O'Reilly,   |c c2006 
300 |a xii, 211 σ.;  |b έγχρ. εικ.;  |c 26 εκ. 
504 |a Βιβλιογραφία: σ. [205]. Ευρετήριο 
650 0 0 |a Dashboards (Management information systems) 
852 |a INST  |b SYROS  |e 20091014  |h 658.4038011 FEW  |p 005500008151  |q 005500008151  |t BK  |y 0 
901 |a BIBL5-2009-3 
909 |a Ε  |b 154991 
970 |a ΚΟΝΤΟΥ  |b ΠΑΡΑΣΚΕΥΗ  |z 2009/10/14